000 00339 a2200133 4500
999 _c325207
_d325207
001 90134
003 NUST
082 _a891.4394 HAN
100 _aMuhammad Haneef Ramay
_99757
245 _aBaaz aau aur zinda raho
_hUrdu
260 _aLahore
_bSang-e-Meel Publications
_c2008
300 _a240 p.
500 _aGeneral Books
942 _aCAE NUST
_cBK
_k891.4394 HAN
_2ddc